The Olive Tree (Record no. 186908)
[ view plain ]
| 000 -LEADER | |
|---|---|
| fixed length control field | 00842 a2200169 4500 |
| 003 - CONTROL NUMBER IDENTIFIER | |
| control field | Nust |
| 005 - DATE AND TIME OF LATEST TRANSACTION | |
| control field | 20230529111519.0 |
| 040 ## - CATALOGING SOURCE | |
| Transcribing agency | Nust |
| 082 ## - DEWEY DECIMAL CLASSIFICATION NUMBER | |
| Classification number | 808.83,HUX |
| 100 ## - MAIN ENTRY--PERSONAL NAME | |
| Personal name | Huxley, Aldous |
| 9 (RLIN) | 46011 |
| 245 ## - TITLE STATEMENT | |
| Title | The Olive Tree |
| Statement of responsibility, etc. | Aldous Huxley |
| 260 ## - PUBLICATION, DISTRIBUTION, ETC. | |
| Place of publication, distribution, etc. | London |
| Name of publisher, distributor, etc. | Chatto And Windus |
| 300 ## - PHYSICAL DESCRIPTION | |
| Extent | 295;p |
| 505 ## - FORMATTED CONTENTS NOTE | |
| Formatted contents note | T.H Huxley as a literary man (Page-46), words and behavior (Page-82), Modern fetishism (Page-101), Literature and examination (Page-108), English snobbery (Page-117), Time and the machine (Page-122), New fashioned christms (Page-125), Historical generalizations (Page-129), Crebillon the younger (Page-135), Justification (Page-150), D.H Lawrence (Page-199), R.R haydon (Page-239), Waterworks and kings (Page-262), In a Tunisian oasis (Page-266), The olive tree (Page-287). |
| 650 ## - SUBJECT ADDED ENTRY--TOPICAL TERM | |
| Topical term or geographic name entry element | Novel |
| 9 (RLIN) | 2525 |
| 942 ## - ADDED ENTRY ELEMENTS (KOHA) | |
| Source of classification or shelving scheme | |
| Koha item type | Book |
| Withdrawn status | Lost status | Source of classification or shelving scheme | Damaged status | Not for loan | Permanent Location | Current Location | Shelving location | Date acquired | Full call number | Barcode | Date last seen | Price effective from | Koha item type | Public note |
|---|---|---|---|---|---|---|---|---|---|---|---|---|---|---|
| Military College of Signals (MCS) | Military College of Signals (MCS) | General Stacks | 12/12/2016 | 808.83,HUX | MCS29879 | 12/08/2016 | 12/12/2016 | Book | Almirah No.56, Shelf No.6 |
